000 01025nam a22003137a 4500
003 CHAP
005 20220329140545.0
008 971013s1951 r 00010 d
010 _a53882
011 _a54854
035 _a59006
040 _cCHAP
090 _aFolleto 9299
100 0 0 _aRupert, J. A.
_9100909
245 _aResistencia al chahuixtle como factor en le mejoramiento del trigo en México
260 _aMéxico, D. F. :
_bSecretaría de Agricultura y Ganadería. Oficina de Estudios Especiales,
_c1951
300 _a41 p.
590 _aBATCH-UPD
_b10
_c20130110
_lUCH01
_h1833
590 _aBATCH-UPD
_b10
_c20130410
_lUCH01
_h1205
590 _aBATCH-UPD
_b10
_c20130914
_lUCH01
_h1946
590 _aCONVERSION
_b10
_c20130109
_lUCH01
_h1329
650 1 4 _aPuccinia graminis.
_992822
650 1 4 _aTrigo
_xEnfermedades.
_9115017
650 1 4 _aTrigo
_xMejoramiento.
_9115057
650 1 4 _aTrigo
_zMéxico.
_9115130
901 _aBK
942 _cLIBRO
949 _aFolleto 9299
_bBC
_cBPA
_d-127779
_eBPA
_i59006
_si
999 _c53882
_d53882